000 00544nam a22001817a 4500
999 _c13441
_d13441
003 AR-CdUCM
008 190415b ||||| |||| 00| 0 spa d
040 _aMUNICIPALIDAD PROVINCIAL DEL CUSCO
_cBIBLIOTECA MUNICIPAL DEL CUSCO
082 _a869.56 /
_bM36
100 _aMedina Rivera, Virginia
_931864
245 _aCaminando Virginia /
260 _bTalleres Gráficos Melodía ;
_c1984.
300 _a68 páginas ;
_c21cm
505 _aContenido: Poesía
650 _aLiteratura
_9416
942 _2ddc
_cLIBROS
945 _anom
_d2019-04-15